000 00198 a2200097 4500
020 _a9781400001101
041 _aspa
100 _aMichael Crichton
245 _aDevoradores de cadaveres
942 _cBK
999 _c14370
_d14370